Normal view
MARC view
Entry Topical Term
001 - CONTROL NUMBER
- control field: 9142
003 - CONTROL NUMBER IDENTIFIER
- control field: ARRUPE
005 - DATE AND TIME OF LATEST TRANSACTION
- control field: 20140318130133.0
008 - FIXED-LENGTH DATA ELEMENTS
- fixed length control field: 140318|| aca||aabn | a|a d
040 ## - CATALOGING SOURCE
- Original cataloging agency: ARRUPE
- Transcribing agency: ARRUPE
150 ## - HEADING--TOPICAL TERM
- Topical term or geographic name as entry element: Akan (African People)
- General subdivision: Education
- General subdivision: Akan Philosophy
- General subdivision: African Philosophy
670 ## - SOURCE DATA FOUND
- Source citation: Work cat.: (ARRUPE): Okrah, Kwadwo A. 9141, Nyansapo (The Wisdom Knot), 2003